Movies Quiz

Random Movies or Box Office Quiz

Biggest Opening Weekends in May Quiz Stats

Quiz not verified by Sporcle

Challenge
Share
Tweet
Score 0/21 Timer 05:00
0 Plays Today
% Correct
The Avengers
97.4%
Iron Man 3
97.4%
Spider-Man 3
97.4%
Iron Man 2
97.4%
Shrek the Third
97.4%
Spider-Man
97.4%
Pirates of the Caribbean: At World's End
97.4%
Shrek 2
97.4%
Indiana Jones and the Kingdom of the Crystal Skull
97.4%
Iron Man
97.4%
Godzilla (2014)
97.4%
% Correct
The Matrix Reloaded
97.4%
Avengers: Age of Ultron
94.9%
Star Wars: Episode III - Revenge of the Sith
94.9%
Fast & Furious 6
94.9%
Pirates of the Caribbean: On Stranger Tides
94.9%
Captain America: Civil War
92.3%
X-Men: The Last Stand
92.3%
X-Men: Days of Future Past
92.3%
The Amazing Spider-Man 2
89.7%
The Hangover Part II
89.7%

You're not logged in!

Compare scores with friends on all Sporcle quizzes.
Sign Up with Email
OR
Log In

You Might Also Like...

Show Comments

Extras

Top Quizzes Today


Score Distribution

Your Account Isn't Verified!

In order to create a playlist on Sporcle, you need to verify the email address you used during registration. Go to your Sporcle Settings to finish the process.